| 000 | 00791nam a2200241 a 4500 | ||
|---|---|---|---|
| 001 | 76841 | ||
| 003 | BD-RjUL | ||
| 005 | 20211209082909.0 | ||
| 008 | 200126s1962 nju 000 0 eng | ||
| 035 | _a(BD-RjUL)77065 | ||
| 040 |
_aDLC _cDLC _dDLC _dBD-RjUL _beng |
||
| 041 | _aeng | ||
| 082 | 0 | 0 |
_223 _a811.52 _bROB 1962 |
| 245 | 0 | 0 |
_aRobert Frost : _ba collection of critical essays / _cedited by James M. Cox. |
| 260 |
_aEnglewood Cliffs, N.J. : _bPrentice-Hall, _cc1962 |
||
| 300 |
_a205 p.; _c21 cm. |
||
| 490 | 0 |
_aA Spectrum book: Twentieth century views, _vS-TC-3 |
|
| 600 | 1 | 0 |
_aFrost, Robert, _d1874-1963 _xCriticism and interpretation. _9238375 |
| 700 |
_aCox, James M. _q(James Melville), _d1925- _9238376 |
||
| 942 |
_2ddc _cBK |
||
| 999 |
_c76841 _d76841 |
||